| 000 | 01735nam0a22003011 4500 | ||
|---|---|---|---|
| 001 | rc\3198005 | ||
| 005 | 20260407215659.0 | ||
| 021 |
_aRU _b[76-47041] |
||
| 035 | _a(NLR Aleph) 007353705 | ||
| 090 |
_a6235660 _c6235660 |
||
| 100 | _a20120628d1976 |||y0rusy50 ca | ||
| 101 | 0 | _arus | |
| 102 | _aRU | ||
| 105 | _aa c ||||| | ||
| 200 | 1 |
_aМетодические указания выбора энергоносителей для тепловых процессов сельскохозяйственного производства и быта в сельских районах _f[Принимали участие Бердов В.С, Иванов В.А., Карпенко А.М. и др.] _gМ-во энергетики и электрификации СССР, Гл. упр. науч.-исслед. и проектных работ, М-во сел. хоз-ва СССР, Гл. упр. механизации и электрификации сел. хоз-ва |
|
| 210 |
_aМосква _cБ. и. _d1976 |
||
| 215 |
_a156 с. _cил. _d30 |
||
| 320 | _aСписок лит.: с. 155-156 (20 назв.) | ||
| 606 |
_aСельское хозяйство _xЭнергоснабжение организаций _2psbo |
||
| 702 | 1 |
_aИванов _bВ.А. _4570 |
|
| 702 | 1 |
_aКарпенко _bА.М. _4570 |
|
| 702 | 1 |
_aБердов _bВ.С. _4570 |
|
| 712 | 0 | 1 |
_aСССР _bМинистерство энергетики и электрификации _bГлавное управление научно-исследовательских и проектных организаций _3RU\NLR\AUTH\8810145742 _9785803 |
| 801 | 0 |
_aRU _bNLR _gpsbo |
|
| 801 | 1 |
_aRU _bELAR _2rusmarc |
|
| 852 |
_aNLR _j76-8/1407 |
||
| 942 | _cBOOK | ||
| 980 | _aNB | ||